000 01434nam a2200301 a 4500
999 _c425293
_d425293
003 BLK
005 20250324133519.0
008 210726b bul|||||r ||||||| ||bul||
020 _a9786190207870
040 _aBLK
041 _aBUL
_cBUL
080 _aРазвитие на личността. Самосъзнание
_b159.923.2
_z159.923.2
100 _aКинг, Векс
_eпърви автор
_9460714
139 _aКинг, Векс
_bК 54
245 _aДобри вибрации, добър живот
_cКак любовта към себе си отключва невероятното в теб
_bВекс Кинг ; прев. от англ. Константин Цанков
260 _9209486
_aСофия
_bКолибри
_c2021
_f(София : Алианс Принт)
_n978-619-02- ; 978-619-150- ; 978-954-150- ; 978-954-529-
300 _a230 с.
_c20 см
380 _a1
500 _aОриг. загл.: Good lives, good life / Vex King
650 0 _9243160
_aЛичност - психология
653 7 _9196049
_aсамоусъвършенстване
700 _aЦанков, Константин Николаев
_eпрев. от англ.
_9262750
760 1 _aЙонсрюд, Ингар
_dКолибри, 2017
_h447 с.
_tКн. 1
852 _bП
_c821-31/И 81 И
942 _cKNG
_n0
_s1
_018
944 _aCR
_c2021-07-26
_k30531
_lЦветелина Шанова
999 _d425293